000 00572nam a2200217Ia 4500
003 OSt
005 20230425152502.0
008 210423s2008 xx 000 0 und d
020 _a8181591631
040 _cAL
041 _aeng
082 _a657.046
_223
_bKUMM
100 _aKUMAR (M P Vijay).
_977704
245 _aFirst lessons in advanced accounting.
250 _a2
260 _aNew Delhi
_bResearch and Education Association
_c2008
300 _axxx,960
_bPB
365 _b450
_cINR
906 _aaccounting. ; advanced ; First ; lessons
942 _2ddc
_cBK
999 _c155909
_d155909